000 00662nam a2200241Ia 4500
003 OSt
005 20220918174407.0
006 a|||||r|||| 00| 0
007 ta
008 220917b |||||||| |||| 00| 0 eng d
024 _a11,952
037 _cTextual
040 _aARTS
_cARTS
_beng
041 _2eng
_aeng
082 _aMV410S:72, J7
100 _aPlatt Wasington
_950317
245 0 _aStrategic intelligence production
_b Basic principles
260 _aLondon
_bThames and hudson
_c1957
300 _a302
_ccm.
650 _aINDUSTRIAL ARTS
942 _hMV410S:72, J7
_cTEXL
_2CC
999 _c153008
_d153008